J-2 ÇOK UZAK BİR DENİZ (Record no. 1251462)

MARC details
000 -LEADER
sabit uzunluktaki kontrol alanı 00270nam a2200097Ia 4500
001 - KONTROL NUMARASI
kontrol alanı 1251462
005 - EN SON İŞLEMİN TARİH VE ZAMANI
kontrol alanı 20251031150916.0
008 - SABİT-UZUNLUKTA VERİ ÖĞELERİ--GENEL BİLGİ
sabit uzunluktaki kontrol alanı 251031s9999 xx 000 0 und d
245 #0 - ESER / YAZAR
Yazar Adı ŞENER ŞÜKRÜ YİĞİTLER
ESER ADI J-2 ÇOK UZAK BİR DENİZ
260 ## - YAYIN, DAĞITIM, VB.
YAYIN EVİ GÜNIŞIĞI YAYINLARI
Holdings
Düşüm durumu Kayıp durumu Hasar Durumu Ödünç verilmez Ana kütüphane Geçerli Kütüphane Edinilen tarih Toplam ödünç verme sayısı Tam yer numarası Barkod Son görüntüleme tarihi Fiyatın geçerli olmaya başladığı tarih Koha materyal türü
        ŞEHİT BURAK GENÇ CELEP HAVA LOJMAN KÜTÜPHANESİ ŞEHİT BURAK GENÇ CELEP HAVA LOJMAN KÜTÜPHANESİ 30.10.2025   J-2 / GENEL 2 11048690002012310 31.10.2025 31.10.2025 Books